| 000 | 00544nam a2200217Ia 4500 | ||
|---|---|---|---|
| 003 | OSt | ||
| 005 | 20220928141611.0 | ||
| 006 | a|||||r|||| 00| 0 | ||
| 007 | ta | ||
| 008 | 220927b |||||||| |||| 00| 0 eng d | ||
| 024 | _a16270 | ||
| 037 | _cTextual | ||
| 040 |
_aSDCL _cSDCL _beng |
||
| 041 |
_2eng _aeng |
||
| 082 | _aX:8-75, P4 | ||
| 100 |
_aPettinger Richard _9460066 |
||
| 245 | 0 | _aContemporary strategic management | |
| 260 | _c2004 | ||
| 942 |
_hX:8-75, P4 _cTEXL _2CC |
||
| 999 |
_c818624 _d818624 |
||